Practical E-manufacturing and supply chain management (Record no. 3884)

MARC details
005 - DATE AND TIME OF LATEST TRANSACTION
control field 20250613142728.0
020 ## - INTERNATIONAL STANDARD BOOK NUMBER
International Standard Book Number 0-7506-6272-7
082 ## - DEWEY DECIMAL CLASSIFICATION NUMBER
Classification number LECT 658.72 GRE
100 ## - MAIN ENTRY--PERSONAL NAME
Author name GREEFF, G.
245 ## - TITLE STATEMENT
Title Practical E-manufacturing and supply chain management
260 ## - PUBLICATION, DISTRIBUTION, ETC.
Place of publication, distribution, etc. Oxford,
Name of publisher, distributor, etc. Newnes,
Date of publication, distribution, etc. 2004.
300 ## - PHYSICAL DESCRIPTION
Extent xi, 461p.: ill.; figure, graph, picture, table.
Other physical details Index,
Dimensions 26cm.
700 ## - ADDED ENTRY--PERSONAL NAME
Other authors/Editors GHOSHAL, R.
856 ## - ELECTRONIC LOCATION AND ACCESS
Link text Access online book
Electronic name Practical E-manufacturing and supply chain management
Path www.newnespress.com
942 ## - ADDED ENTRY ELEMENTS (KOHA)
Source of classification or shelving scheme Dewey Decimal Classification
Koha item type Books
Holdings
Date last seen Total checkouts Full call number Barcode Cost, replacement price Price effective from Koha item type Lost status Source of classification or shelving scheme Damaged status Not for loan Withdrawn status Home library Current library Shelving location Date acquired Cost, normal purchase price
06/12/2025   LECT 658.72 GRE 00000012828 180000.00 06/12/2025 Books   Dewey Decimal Classification       College of Business Education Main Library College of Business Education Main Library General Collection 08/04/2011 60000.00
06/13/2025   LECT 658.72 GRE 00000012980 180000.00 06/13/2025 Books   Dewey Decimal Classification       College of Business Education Main Library College of Business Education Main Library General Collection 08/04/2011 60000.00